| 000 | 00431nam a2200133Ia 4500 | ||
|---|---|---|---|
| 008 | 250506s9999 xx 000 0 und d | ||
| 024 | _aNot available | ||
| 082 | _a668.4126298072 SYE | ||
| 100 | _aSyed Faiz Ahmed, Ahmed Ali Shams & Muhammad Azam Khan | ||
| 245 | 0 | _aIndustrial Automation of Injection Molding Machine | |
| 260 |
_aKarachi: _bUIT, _c2001 |
||
| 600 | _aElectronic Engineering | ||
| 650 | _aBachelor of Engineering (BE) | ||
| 999 |
_c28108 _d28108 |
||